CIM at Nippon Seiko Co.

Prípadová štúdia úspešnej aplikácie CIM, v tomto prípade ide o aplikáciu automatizovaného informačného systému MAGMA, s cieľom dosiahnuť lepšie služby zákazníkom pri súčasnom znižovaní nákladov. Dva základné podsystémy systému MAGMA: FENICS-engineering a dizajn výrobku, ASPACS-spojenie marketingu s...

Full description

Saved in:
Bibliographic Details
Main Author: Hosoda, M.
Format: Book Chapter
Language:English
Subjects:
Tags: Add Tag
No Tags, Be the first to tag this record!

MARC

LEADER 00000naa a2200000 4500
001 r002610
005 20220819182612.4
041 0 |a eng 
044 |a GB 
245 1 0 |a CIM at Nippon Seiko Co.  |c M. Hosoda 
520 |a Prípadová štúdia úspešnej aplikácie CIM, v tomto prípade ide o aplikáciu automatizovaného informačného systému MAGMA, s cieľom dosiahnuť lepšie služby zákazníkom pri súčasnom znižovaní nákladov. Dva základné podsystémy systému MAGMA: FENICS-engineering a dizajn výrobku, ASPACS-spojenie marketingu s výrobou a zlaďovanie objednávky zákazníka s výrobou a riadením zásob. 
610 2 0 |a CIM 
610 2 0 |a AIS 
610 2 0 |a marketing 
610 2 0 |a výroba 
610 2 0 |a Nippon Seiko Co. 
610 2 0 |a Japonsko 
100 1 |a Hosoda, M.